Πολιτική ιστορία της Ελλάδος 1821-2002 : νομοθετικά και εκτελεστικά σώματα
Αποθηκεύτηκε σε:
| Κύριος συγγραφέας: | |
|---|---|
| Μορφή: | Βιβλίο |
| Γλώσσα: | Greek |
| Δημοσίευση: |
Αθήνα :
Χρυσή Πέννα,
2003
|
| Θέματα: | |
| Ετικέτες: |
Προσθήκη ετικέτας
Δεν υπάρχουν, Καταχωρήστε ετικέτα πρώτοι!
|
MARC
| LEADER | 00000cam a2200000 i 4500 | ||
|---|---|---|---|
| 001 | 1/2475 | ||
| 008 | 091216s2003 gr | ||| |||| ||gre|| | ||
| 020 | |a 9602451386 | ||
| 035 | |l 10106021 | ||
| 040 | |a GR-MY-UA |b gre |e aacr | ||
| 041 | 0 | |a gre | |
| 082 | 0 | |a 320.9495 |2 (22) | |
| 100 | 1 | |a Προβατάς, Αλκιβιάδης. | |
| 245 | 1 | 0 | |a Πολιτική ιστορία της Ελλάδος 1821-2002 : |b νομοθετικά και εκτελεστικά σώματα / |c Αλκιβιάδης Προβατάς |
| 260 | |a Αθήνα : |b Χρυσή Πέννα, |c 2003 | ||
| 300 | |a 857 σ.; |c 28 εκ. | ||
| 504 | |a Περιέχει βιβλιογραφικές παραπομπές και ευρετήριο | ||
| 650 | 0 | |a Constitutional history |z Greece. | |
| 651 | 0 | |a Greece |x Politics and government |y 19th century. | |
| 651 | 0 | |a Greece |x Politics and government |y 20th century. | |
| 852 | |a INST |b SAMOS |e 20091216 |h 320.9495 ΠΡΟ |p 005300031035 |q 005300031035 |t BK |y 0 | ||
| 901 | |a BIBL3-2009-3 | ||
| 909 | |a Σ |b 158370 | ||
| 970 | |a ΡΟΥΣΣΟΥ |b ΚΩΝΣΤΑΝΤΙΝΑ |z 2009/12/16 | ||